Intermediate Algebra (Record no. 1012)

MARC details
005 - DATE AND TIME OF LATEST TRANSACTION
control field 20250319144243.0
020 ## - INTERNATIONAL STANDARD BOOK NUMBER
International Standard Book Number 0-534-00887-9
082 ## - DEWEY DECIMAL CLASSIFICATION NUMBER
Classification number 512.9 WIL
100 ## - MAIN ENTRY--PERSONAL NAME
Author name WILLIS, A.T.
245 ## - TITLE STATEMENT
Title Intermediate Algebra
260 ## - PUBLICATION, DISTRIBUTION, ETC.
Place of publication, distribution, etc. Califonia
Name of publisher, distributor, etc. Wadsworth Publishing Company
Date of publication, distribution, etc. 1981
300 ## - PHYSICAL DESCRIPTION
Extent x,481p., graphs, ill.
Other physical details Index
Dimensions 25cm.
700 ## - ADDED ENTRY--PERSONAL NAME
Other authors/Editors JOHNSTON, C.L.
942 ## - ADDED ENTRY ELEMENTS (KOHA)
Source of classification or shelving scheme Dewey Decimal Classification
Koha item type Books
Holdings
Date last seen Total checkouts Full call number Barcode Cost, replacement price Price effective from Koha item type Lost status Source of classification or shelving scheme Damaged status Not for loan Withdrawn status Home library Current library Shelving location Date acquired Cost, normal purchase price
03/19/2025   512.9 WIL, L.M. 000001557 90000.00 03/19/2025 Books   Dewey Decimal Classification       College of Business Education Main Library College of Business Education Main Library General Collection 03/19/2025 30000.00
03/19/2025   512.9 WIL, L.M. 000001558 90000.00 03/19/2025 Books   Dewey Decimal Classification       College of Business Education Main Library College of Business Education Main Library General Collection 03/19/2025 30000.00
03/19/2025   512.9 WIL, L.M. 000001559 90000.00 03/19/2025 Books   Dewey Decimal Classification       College of Business Education Main Library College of Business Education Main Library General Collection 03/19/2025 30000.00